000 00563nam a2200205Ia 4500
005 20250505125006.0
008 008 250505s9999 xx 000 0 eng d
037 _aTextbook
040 _aLCO
_beng
_cLCO
041 _aeng
_2eng
084 _aZ3,122 Q7
_qLCO
100 _aBhattacharjee, A.M.
_9705185
245 0 _aMatrimonial Laws and the Constitution
_c A.M. Bhattacharjee
260 _aKolkatta, India
_bE.L.H.
_c2017
300 _a324
365 _aINR
_b875
650 _aLaw
942 _cTB
_hZ3,122 Q7
999 _c1310995
_d1310995